California Sports Team History - Statistics

General Stats
  • This quiz has been taken 28 times
    16 since last reset
  • The average score is 44 of 62
Answer Stats
Hint Year Answer % Correct
Anaheim MLB: 1997-2004 Anaheim Angels
100%
Anaheim NHL: 2006-Present Anaheim Ducks
100%
Anaheim MLB: 1966-1996 California Angels
100%
Oakland NBA: 1971-2019 Golden State Warriors
100%
San Francisco NBA: 2019-Present Golden State Warriors
100%
Anaheim MLB: 1961-1965 Los Angeles Angels
100%
Anaheim MLB: 2016-Present Los Angeles Angels
100%
Los Angeles NFL: 2017-Present Los Angeles Chargers
100%
Los Angeles AFL: 1960 Los Angeles Chargers
100%
Los Angeles MLB: 1958-Present Los Angeles Dodgers
100%
Los Angeles NHL: 1967-Present Los Angeles Kings
100%
Los Angeles NBA: 1960-Present Los Angeles Lakers
100%
Los Angeles NFL: 1982-1994 Los Angeles Raiders
100%
Los Angeles NFL: 1946-1994 Los Angeles Rams
100%
Los Angeles NFL: 2016-Present Los Angeles Rams
100%
Los Angeles WHA: 1972-1974 Los Angeles Sharks
100%
Oakland MLB: 1968-Present Oakland Athletics
100%
Oakland NFL: 1970-1981 Oakland Raiders
100%
Oakland NFL: 1995-2019 Oakland Raiders
100%
Oakland AFL: 1960-1969 Oakland Raiders
100%
Sacramento NBA: 1985-Present Sacramento Kings
100%
San Diego NFL: 1970-2016 San Diego Chargers
100%
San Diego AFL: 1961-1969 San Diego Chargers
100%
San Diego MLB: 1969-Present San Diego Padres
100%
San Francisco NFL: 1950-Present San Francisco 49ers
100%
San Francisco MLB: 1958-Present San Francisco Giants
100%
San Francisco NBA: 1962-1971 San Francisco Warriors
100%
San Jose NHL: 1991-Present San Jose Sharks
100%
Los Angeles MLS: 1996-Present LA Galaxy
90%
Los Angeles NBA: 1984-Present Los Angeles Clippers
90%
Anaheim NHL: 1993-2006 Mighty Ducks of Anaheim
90%
Oakland NASL: 1968 Oakland Clippers
90%
San Diego NBA: 1978-1984 San Diego Clippers
90%
San Jose NASL: 1983-1984 Golden Bay Earthquakes
80%
San Jose MLS: 2000-Present San Jose Earthquakes
80%
San Jose NASL: 1973-1983 San Jose Earthquakes
80%
Oakland NHL: 1970 Bay Area Seals
70%
Oakland NHL: 1967 California Seals
70%
Anaheim MLB: 2005-2015 Los Angeles Angels of Anaheim
70%
Los Angeles MLS: 2018-Present Los Angeles FC
70%
Oakland NHL: 1967-1970 Oakland Seals
70%
Oakland NHL: 1970-1976 California Golden Seals
60%
San Diego WHA: 1974-1977 San Diego Mariners
50%
Sacramento CFL: 1993-1995 Sacramento Gold Miners
40%
San Diego NBA: 1967-1971 San Diego Rockets
40%
Los Angeles MLS: 2005-2014 Chivas USA
30%
Los Angeles USFL: 1983-1985 Los Angeles Express
30%
Los Angeles MISL: 1982-1989 Los Angeles Lazers
30%
Los Angeles ABA: 1968-1970 Los Angeles Stars
30%
San Diego ABA: 1972-1975 San Diego Conquistadors
30%
San Diego NASL: 1978-1984 San Diego Sockers
30%
San Diego MISL: 1984-1992 San Diego Sockers
30%
Anaheim ABA: 1967 Anaheim Amigos
20%
Anaheim NASL: 1978-1981 California Surf
20%
Los Angeles NASL: 1974-1981 Los Angeles Aztecs
20%
Oakland USFL: 1983-1985 Oakland Invaders
20%
Oakland ABA: 1967-1969 Oakland Oaks
20%
Oakland NASL: 1978 Oakland Stompers
20%
San Diego NASL: 1976 San Diego Jaws
20%
San Diego ABA: 1975 San Diego Sails
20%
San Diego NASL: 1968 San Diego Toros
20%
San Jose MLS: 1996-1999 San Jose Clash
20%
No matching quizzes found
Score Distribution
Percent of People with Each Score
Percentile by Number Answered
Your Score History
You have not taken this quiz since the last reset